00696cam a2200229 a 4500001000800000005001700008008004100025010001700066020002500083040001800108041000800126043001200134080001100146082001900157100000700176101000800183245008700191906004500278942001200323999001700335952011400352184407920180215042633.0811103s1982 nyub 001 0 eng  a 81047679  a0060390077 :c$15.95 aDLCcDLCdDLC aeng an-us--- a973.9200a973.92 WHI2191 a16 aHIS10aAmerica in search of itself :cTheodore H. White ; [endpaper maps by Frank Ronan]. a7bcbccorignewd1eocipf19gy-gencatlg 2ddccBK c42609d42609 00102udc40708PËKGa002b002cPËKGd2018-02-15l0o973.92 WHIp002-2997369r2018-02-15w2018-02-15yBK